The condition in agricultural activties of tribes peoplein ratanakiri province,(ស្ថានភាពនៃការធ្វើកសិកម្មរបស់បងប្អូនជនជាតិភាគតិច នៅក្នុងខេត្តរតនគីរី) (Record no. 785)
[ view plain ]
| 000 -LEADER | |
|---|---|
| fixed length control field | 00639nam a22001577a 4500 |
| 003 - CONTROL NUMBER IDENTIFIER | |
| control field | OSt |
| 005 - DATE AND TIME OF LATEST TRANSACTION | |
| control field | 20150918181329.0 |
| 008 - FIXED-LENGTH DATA ELEMENTS--GENERAL INFORMATION | |
| fixed length control field | 150918b xxu||||| |||| 00| 0 eng d |
| 040 ## - CATALOGING SOURCE | |
| Transcribing agency | RUA |
| 082 ## - DEWEY DECIMAL CLASSIFICATION NUMBER | |
| Classification number | AGR RIE 2005 B032 Or.1 |
| 100 ## - MAIN ENTRY--PERSONAL NAME | |
| 9 (RLIN) | 813 |
| Personal name | RIEL SINA |
| 245 ## - TITLE STATEMENT | |
| Title | The condition in agricultural activties of tribes peoplein ratanakiri province,(ស្ថានភាពនៃការធ្វើកសិកម្មរបស់បងប្អូនជនជាតិភាគតិច នៅក្នុងខេត្តរតនគីរី) |
| 260 ## - PUBLICATION, DISTRIBUTION, ETC. (IMPRINT) | |
| Place of publication, distribution, etc. | phnom penh |
| Name of publisher, distributor, etc. | RUA |
| Date of publication, distribution, etc. | 2005 |
| 300 ## - PHYSICAL DESCRIPTION | |
| Extent | xii,56p. |
| Dimensions | ill. |
| Size of unit | 29cm. |
| 942 ## - ADDED ENTRY ELEMENTS (KOHA) | |
| Source of classification or shelving scheme | |
| Koha item type | AGR |
| Price effective from | Date last seen | Permanent Location | Not for loan | Date acquired | Source of classification or shelving scheme | Koha item type | Lost status | Withdrawn status | Date last checked out | Total Checkouts | Shelving location | Damaged status | Barcode | Current Location | Full call number |
|---|---|---|---|---|---|---|---|---|---|---|---|---|---|---|---|
| 2015-09-18 | 2016-06-14 | Library Block B | 2015-09-18 | AGR | 2016-05-31 | 1 | B032 | RUA002557 | Library Block B | AGR RIE 2005 B032 Or.1 | |||||
| 2015-09-18 | 2019-12-30 | Library Block B | 2015-09-18 | AGR | 2019-12-27 | 1 | B032 | RUA002984 | Library Block B | AGR RIE 2005 B032 Or.2 | |||||
| 2015-09-18 | 2015-09-18 | Library Block B | 2015-09-18 | AGR | B032 | RUA002080 | Library Block B | AGR RIE 2005 B032 Or.3 | |||||||
| 2015-09-18 | 2022-11-03 | Library Block B | 2015-09-18 | AGR | 2022-10-21 | 2 | B032 | RUA002371 | Library Block B | AGR RIE 2005 B032 Or.4 | |||||
| 2015-09-18 | 2015-09-18 | Library Block B | 2015-09-18 | AGR | B032 | RUA002443 | Library Block B | AGR RIE 2005 B032 Or.5 | |||||||
| 2015-09-18 | 2015-09-18 | Library Block B | 2015-09-18 | AGR | B032 | RUA002081 | Library Block B | AGR RIE 2005 B032 Or.6 |